[Event "Open B - Condom 2009"]
[Site "Condom"]
[Date "????.??.??"]
[Round "6.5"]
[White "Harmel, Olivier"]
[Black "Moulie, Patrick"]
[Result "0-1"]
[WhiteElo "1550"]
[BlackElo "1649"]
[PlyCount "66"]

1.e4 e6 2.d4 a6 3.Nf3 c5 4.d5 Nf6 5.Bg5 Qa5+ 6.Bd2 Qc7 7.Nc3 b5 8.e5 Nxd5 
9.Nxd5 exd5 10.g3 Bb7 11.Bg2 Be7 12.Bf4 O-O 13.O-O Nc6 14.Qxd5 Rad8 15.
Rfd1 Qb6 16.Qd2 Na5 17.b3 Bc6 18.Qe2 Qb7 19.Rd2 f6 20.e6 d5 21.Nh4 g5 22.
Nf5 Kh8 23.Be3 Rfe8 24.Bxg5 Rg8 25.Bh4 Rg6 26.Qh5 d4 27.Bh3 Bf3 28.g4 Qd5 
29.Bxf6+ Bxf6 30.Re1 Re8 31.e7 Be4 32.Rxe4 Qxe4 33.Nh6 Qxe7 0-1

[Event "OPEN A"]
[Site "Condom"]
[Date "????.??.??"]
[Round "6.28"]
[White "Zaninetti, Laurent"]
[Black "Aubert, Lucas"]
[Result "1-0"]
[WhiteElo "1981"]
[BlackElo "1660"]
[PlyCount "53"]

1.c4 e6 2.g3 Nf6 3.Bg2 Be7 4.Nf3 b6 5.O-O Bb7 6.b3 O-O 7.Bb2 d5 8.e3 Nbd7 
9.Nc3 c5 10.cxd5 Nxd5 11.Nxd5 Bxd5 12.Rc1 Rc8 13.d4 Bf6 14.Qd3 Re8 15.e4 
Bb7 16.Rfd1 cxd4 17.Nxd4 Rxc1 18.Bxc1 Nc5 19.Qd2 Bxe4 20.Nb5 Qxd2 21.Rxd2 
a6 22.Nd6 Bxg2 23.Nxe8 Bc6 24.Nxf6+ gxf6 25.Rd6 Bb5 26.Bh6 Nd7 27.a4 1-0

[Event "OPEN A"]
[Site "Condom"]
[Date "????.??.??"]
[Round "2.19"]
[White "Bujisho, Benjamin"]
[Black "Rundstrom, Douglas"]
[Result "1-0"]
[WhiteElo "2404"]
[BlackElo "1891"]
[PlyCount "43"]

1.e4 c5 2.Nf3 d6 3.d4 cxd4 4.Nxd4 Nf6 5.Nc3 a6 6.Be2 e5 7.Nb3 Be6 8.f4 Qc7
9.Be3 Nbd7 10.O-O Be7 11.Kh1 O-O 12.f5 Bc4 13.g4 Bxe2 14.Qxe2 h6 15.Qg2 
Rfc8 16.h4 d5 17.g5 hxg5 18.hxg5 d4 19.gxf6 Bxf6 20.Nd5 Qxc2 21.Rf2 Qd3 
22.Bh6 1-0

[Event "OPEN A"]
[Site "Condom"]
[Date "????.??.??"]
[Round "2.5"]
[White "Delay, Guillaume"]
[Black "Houard, Yannick"]
[Result "0-1"]
[WhiteElo "1994"]
[BlackElo "2200"]
[PlyCount "66"]

1.e4 c5 2.Nf3 e6 3.d4 cxd4 4.Nxd4 Nc6 5.Be2 Qc7 6.Be3 a6 7.O-O Nf6 8.Nd2 
d5 9.Nxc6 bxc6 10.exd5 cxd5 11.c4 Bd6 12.h3 O-O 13.Nf3 dxc4 14.Bxc4 Qxc4 
15.Qxd6 Bb7 16.Rfc1 Qe2 17.Ne5 Nd5 18.Re1 Qh5 19.Qd7 Qxe5 20.Qxb7 Rfb8 21.
Qc6 Nxe3 22.Rxe3 Qxb2 23.Rc1 Qxa2 24.Rd3 h6 25.Rcd1 Qe2 26.Rd7 a5 27.Qd6 
a4 28.Qf4 Qh5 29.Ra1 a3 30.Rxa3 Rb1+ 31.Kh2 Rxa3 32.Rd8+ Kh7 33.Qd6 Raa1 
0-1

[Event "Open B - Condom 2009"]
[Site "Condom"]
[Date "????.??.??"]
[Round "5.9"]
[White "Bertrand, Marin"]
[Black "Charruyer, Baptiste"]
[Result "0-1"]
[WhiteElo "1440"]
[BlackElo "1670"]
[PlyCount "57"]

1.e4 e5 2.Nf3 Nf6 3.Nxe5 d6 4.Nf3 Nxe4 5.d3 Nf6 6.d4 Bg4 7.h3 Qe7+ 8.Be3 
Bxf3 9.Qxf3 Qe4 10.Qxe4+ Nxe4 11.Bd3 d5 12.f3 Nf6 13.Nc3 Bb4 14.Bd2 c6 15.
O-O-O O-O 16.Rde1 Nbd7 17.g4 Rfe8 18.f4 Bxc3 19.Bxc3 Ne4 20.Bd2 Nf2 21.Rh2
Nxd3+ 22.cxd3 Rxe1+ 23.Bxe1 Re8 24.Kd2 Kf8 25.Re2 Re7 26.Rxe7 Kxe7 27.Ke3 
g6 28.g5 Ke6 29.Bg3 0-1

[Event "CONDOM 2012 OpenA "]
[Site "Condom"]
[Date "????.??.??"]
[Round "4.5"]
[White "Sanchez, Nicolas"]
[Black "Anton, Teodor"]
[Result "0-1"]
[WhiteElo "2168"]
[BlackElo "2423"]
[PlyCount "52"]

1.d4 g6 2.c4 Bg7 3.Nc3 d6 4.e4 Nf6 5.Nf3 O-O 6.Be2 c5 7.d5 e6 8.O-O exd5 
9.cxd5 a6 10.a4 Re8 11.Nd2 Nbd7 12.f4 Rb8 13.Re1 Qc7 14.Bc4 Nh5 15.Nf3 Nb6
16.Bf1 Bg4 17.a5 Nd7 18.h3 Bxf3 19.Qxf3 Bd4+ 20.Be3 Nhf6 21.Ra4 b5 22.axb6
Qxb6 23.Rxa6 Qxb2 24.Bxd4 cxd4 25.Nb5 Rxb5 26.Bxb5 Qxb5 0-1

[Event "Open B - Condom 2009"]
[Site "Condom"]
[Date "????.??.??"]
[Round "1.6"]
[White "Chabane, Jerome"]
[Black "Maupin, Gervais"]
[Result "0-1"]
[WhiteElo "1450"]
[BlackElo "1630"]
[PlyCount "60"]

1.e4 c6 2.Nf3 d5 3.exd5 cxd5 4.d4 Nc6 5.Nc3 Bg4 6.Be2 e6 7.Be3 Nf6 8.h3 
Bh5 9.a3 Rc8 10.Qd3 Bg6 11.Qd2 h6 12.O-O Bd6 13.Rfc1 a6 14.Bf4 O-O 15.Ne5 
Bh7 16.b4 b5 17.Qe3 Qc7 18.Bd3 Bxe5 19.Bxe5 Nxe5 20.dxe5 Qxc3 21.exf6 Qxf6
22.Bxh7+ Kxh7 23.Qd3+ g6 24.c3 Rc4 25.a4 Rfc8 26.axb5 axb5 27.Ra3 Rxb4 28.
cxb4 Rxc1+ 29.Kh2 Qf4+ 30.Qg3 Qxb4 0-1

[Event "OPEN A"]
[Site "Condom"]
[Date "????.??.??"]
[Round "5.6"]
[White "Garrel, Alain"]
[Black "Bujisho, Benjamin"]
[Result "1/2-1/2"]
[WhiteElo "2131"]
[BlackElo "2404"]
[PlyCount "66"]

1.d4 Nf6 2.Nf3 b6 3.g3 Bb7 4.Bg2 c5 5.dxc5 bxc5 6.c4 g6 7.O-O Bg7 8.Nc3 
O-O 9.Qc2 d6 10.b3 Nc6 11.a3 Rb8 12.Bb2 Nd4 13.Nxd4 cxd4 14.Nb1 Bxg2 15.
Kxg2 e5 16.Nd2 h5 17.h3 a5 18.e3 dxe3 19.fxe3 Qb6 20.e4 Nd7 21.Rab1 Qc6 
22.Bc3 f5 23.Bxa5 h4 24.Qd3 Nf6 25.Rbe1 Bh6 26.gxh4 Bxd2 27.Bxd2 Nxe4 28.
Kh2 Nxd2 29.Qxd2 Rxb3 30.Rg1 Qf3 31.Rxg6+ Kf7 32.Rf6+ Kxf6 33.Qxd6+ Kf7 
1/2-1/2

[Event "OPEN A"]
[Site "Condom"]
[Date "????.??.??"]
[Round "2.46"]
[White "Catala, Laurent"]
[Black "Grezels, Florian"]
[Result "1-0"]
[WhiteElo "1885"]
[BlackElo "1730"]
[PlyCount "85"]

1.e4 e5 2.Nf3 Nc6 3.Bc4 Bc5 4.c3 Nf6 5.d3 h6 6.Nbd2 Qe7 7.b4 Bb6 8.O-O O-O
9.a4 a6 10.h3 d6 11.Re1 Be6 12.Bb3 Nh7 13.Nf1 Bxb3 14.Qxb3 Qe6 15.Qd1 f5 
16.exf5 Qxf5 17.Ng3 Qg6 18.Be3 Bxe3 19.Rxe3 Ng5 20.Nxg5 Qxg5 21.Ne4 Qe7 
22.Qh5 d5 23.Ng3 Qf7 24.Rf1 Qxh5 25.Nxh5 g6 26.Ng3 d4 27.cxd4 exd4 28.Re4 
Nxb4 29.Rxd4 c5 30.Rd6 Kg7 31.Ne4 b6 32.Rxb6 Nxd3 33.Rfb1 Rf7 34.Rd6 c4 
35.Rbb6 Ne5 36.Re6 Rf5 37.g4 Nf3+ 38.Kh1 Re5 39.Rxg6+ Kf8 40.Rxh6 Kg7 41.
Rbg6+ Kf7 42.Nd6+ Ke7 43.Rh7+ 1-0

[Event "OPEN A"]
[Site "Condom"]
[Date "????.??.??"]
[Round "7.15"]
[White "Mindeguia Guruceaga, Juan Jesus"]
[Black "Thomas, Fabien"]
[Result "1-0"]
[WhiteElo "2180"]
[BlackElo "1988"]
[PlyCount "31"]

1.e4 c5 2.Nf3 d6 3.d4 cxd4 4.Nxd4 Nf6 5.f3 e5 6.Nb3 d5 7.Bg5 d4 8.c3 Nc6 
9.Bb5 Bd7 10.cxd4 Nxd4 11.Nxd4 exd4 12.Qxd4 Qa5+ 13.Nc3 O-O-O 14.O-O-O Be7
15.Qc4+ Bc6 16.Bf4 1-0

[Event "OPEN A"]
[Site "Condom"]
[Date "????.??.??"]
[Round "5.7"]
[White "Chamaillard, Sylvain"]
[Black "Schmidt, Raul"]
[Result "1/2-1/2"]
[WhiteElo "2149"]
[BlackElo "2377"]
[PlyCount "90"]

1.e4 e6 2.e5 c5 3.Nf3 Nc6 4.b3 d5 5.exd6 Bxd6 6.Bb2 Nf6 7.Bb5 Bd7 8.O-O a6
9.Bxc6 Bxc6 10.d3 O-O 11.Nbd2 b5 12.Qe2 Bb7 13.Ne4 Nd5 14.Nxd6 Qxd6 15.Qe5
Qxe5 16.Nxe5 Rfd8 17.Ng4 Nf4 18.Ne3 Ne2+ 19.Kh1 f6 20.Rad1 Kf7 21.Rd2 Nf4 
22.Kg1 e5 23.f3 Bc6 24.g3 Ne6 25.f4 exf4 26.gxf4 Nd4 27.Rdf2 Re8 28.Bxd4 
cxd4 29.Nf5 Rad8 30.Ng3 g6 31.Re2 Rxe2 32.Nxe2 Ke6 33.Re1 Kd5 34.Ng3 Kc5 
35.Re7 Kb4 36.Rxh7 Re8 37.Kf2 a5 38.Rc7 Re6 39.f5 gxf5 40.Nxf5 Be8 41.Nxd4
Re5 42.Nc6+ Bxc6 43.Rxc6 Rh5 44.Rxf6 Rxh2+ 45.Ke3 Kc3 1/2-1/2

[Event "CONDOM 2012 OpenA "]
[Site "Condom"]
[Date "????.??.??"]
[Round "5.1"]
[White "Karpatchev, Aleksandr"]
[Black "Prie, Eric"]
[Result "1/2-1/2"]
[WhiteElo "2431"]
[BlackElo "2510"]
[PlyCount "82"]

1.e4 c6 2.d4 d5 3.Nd2 dxe4 4.Nxe4 Nf6 5.Nxf6+ exf6 6.c3 Bd6 7.Bd3 O-O 8.
Qc2 Re8+ 9.Ne2 g6 10.h4 Be6 11.h5 f5 12.f3 Qf6 13.Bd2 Nd7 14.O-O-O c5 15.
d5 Bxd5 16.Nf4 Bxf4 17.Bxf4 Ne5 18.Bb5 Bc6 19.Bxc6 bxc6 20.Qd2 c4 21.Qd4 
c5 22.Bxe5 Rxe5 23.Qxc4 f4 24.hxg6 hxg6 25.Rd5 Qe6 26.Rhd1 Rxd5 27.Qxd5 
Qe3+ 28.Qd2 Re8 29.Kc2 Kg7 30.Qxe3 fxe3 31.Kd3 f5 32.f4 g5 33.g3 gxf4 34.
gxf4 Re4 35.Ke2 Rxf4 36.Kxe3 Re4+ 37.Kf3 Kf6 38.Rd5 Re5 39.Rd8 c4 40.b4 
cxb3 41.axb3 Rb5 1/2-1/2

[Event "OPEN A"]
[Site "Condom"]
[Date "????.??.??"]
[Round "7.19"]
[White "Martinet, Regis"]
[Black "Zaninetti, Laurent"]
[Result "0-1"]
[WhiteElo "2053"]
[BlackElo "1981"]
[PlyCount "58"]

1.c4 Nf6 2.Nc3 e6 3.g3 Be7 4.Bg2 O-O 5.e3 c5 6.Nge2 d5 7.cxd5 Nxd5 8.O-O 
Nc6 9.d4 Nxc3 10.bxc3 Qc7 11.Nf4 Rd8 12.Qe2 cxd4 13.cxd4 Nb4 14.Ba3 Qa5 
15.Bxb4 Bxb4 16.Rab1 Rb8 17.Nh5 Be7 18.Rb5 Qa3 19.Rfb1 b6 20.Qg4 g6 21.Qf4
Ba6 22.Qh6 gxh5 23.Rxh5 Qd3 24.Rc1 Qg6 25.Qf4 Qxh5 26.g4 Qg5 27.Qg3 Rbc8 
28.Rd1 Be2 29.Re1 Qxg4 0-1

[Event "OPEN A"]
[Site "Condom"]
[Date "????.??.??"]
[Round "7.5"]
[White "Gertosio, Franck"]
[Black "Schmidt, Raul"]
[Result "0-1"]
[WhiteElo "2038"]
[BlackElo "2377"]
[PlyCount "72"]

1.e4 e6 2.d4 d5 3.e5 c5 4.c3 Bd7 5.Nf3 Nc6 6.a3 a5 7.Be3 Qb6 8.b3 Rc8 9.
Bd3 cxd4 10.cxd4 Nge7 11.O-O Nf5 12.Nbd2 Be7 13.Re1 O-O 14.Nf1 Nxe3 15.
fxe3 f5 16.exf6 Bxf6 17.Bb1 Be8 18.Ra2 Na7 19.Rf2 Nb5 20.Ne5 Nc3 21.Qc2 
Ne4 22.Qxc8 Nxf2 23.Nf3 Bg6 24.Qc5 Qxc5 25.dxc5 Bc3 26.Bxg6 Bxe1 27.Bb1 
Nh3+ 28.Kh1 Bc3 29.Ng3 Nf2+ 30.Kg1 Ng4 31.Ng5 Nxe3 32.Bxh7+ Kh8 33.Nxe6 
Rf6 34.Ng5 Ng4 35.Bf5 Bd4+ 36.Kf1 Ne3+ 0-1

[Event "OPEN A"]
[Site "Condom"]
[Date "????.??.??"]
[Round "8.21"]
[White "Maupin, Valerie"]
[Black "Toullec, Renan"]
[Result "1-0"]
[WhiteElo "2037"]
[BlackElo "1658"]
[PlyCount "45"]

1.d4 d5 2.c4 dxc4 3.Nf3 Nf6 4.e3 e6 5.Nc3 c5 6.Bxc4 a6 7.a4 Nc6 8.O-O cxd4
9.exd4 Be7 10.Bg5 O-O 11.Re1 Nd5 12.Bxe7 Ncxe7 13.Ne5 Qc7 14.Rc1 Qb6 15.
Bd3 Qxb2 16.Ne4 Ng6 17.Ng5 Nf6 18.Bb1 Qb6 19.Re3 Bd7 20.Rh3 Be8 21.Ne4 Rd8
22.Nxf6+ gxf6 23.Qh5 1-0

[Event "Open B - Condom 2009"]
[Site "Condom"]
[Date "????.??.??"]
[Round "2.3"]
[White "Dargagnon, Sylvain"]
[Black "Landes, Rene"]
[Result "0-1"]
[WhiteElo "1470"]
[BlackElo "1685"]
[PlyCount "84"]

1.d4 Nf6 2.c4 e5 3.dxe5 Ng4 4.Nf3 Bc5 5.e3 Nc6 6.h3 Ngxe5 7.Nxe5 Nxe5 8.
Qh5 d6 9.Nc3 c6 10.Be2 Be6 11.b3 Bb4 12.Bd2 Qa5 13.Rc1 Nd3+ 14.Kf1 Qxh5 
15.Bxh5 Nxc1 16.Bxc1 Bxc3 17.Ke2 O-O-O 18.Rd1 d5 19.cxd5 Rxd5 20.Rxd5 Bxd5
21.Bg4+ Be6 22.Bf3 Rd8 23.Be4 f5 24.Bd3 g6 25.Ba3 Kc7 26.Be7 Rd5 27.Bg5 
Ra5 28.Bf4+ Kd7 29.Bb1 c5 30.Kd3 Bf6 31.Kd2 b5 32.f3 c4 33.e4 fxe4 34.fxe4
cxb3 35.axb3 Bxb3 36.e5 Be7 37.Kc3 Bd5 38.g4 Ra3+ 39.Kd4 Ke6 40.Bd3 Ra4+ 
41.Ke3 Bc5+ 42.Ke2 Rxf4 0-1

[Event "OPEN A"]
[Site "Condom"]
[Date "????.??.??"]
[Round "2.40"]
[White "Jarlaud, Lucas"]
[Black "Fournier, Camille"]
[Result "0-1"]
[WhiteElo "1730"]
[BlackElo "2035"]
[PlyCount "40"]

1.g3 d5 2.c4 c6 3.d4 Nf6 4.Nf3 Bf5 5.Bg2 e6 6.O-O Bd6 7.b3 O-O 8.Nc3 Nbd7 
9.Nh4 Bg4 10.h3 Bh5 11.g4 Nxg4 12.Nf3 Ngf6 13.Kh1 Rc8 14.Rg1 Bb8 15.Nh2 
Qc7 16.f4 Bg6 17.Qf1 Nh5 18.Bf3 Nxf4 19.Bxf4 Qxf4 20.Qg2 Qxd4 0-1

[Event "CONDOM 2012 OpenA "]
[Site "Condom"]
[Date "????.??.??"]
[Round "2.3"]
[White "Gertosio, Franck"]
[Black "Dumitrache, Dragos-Nicolae"]
[Result "0-1"]
[WhiteElo "2215"]
[BlackElo "2447"]
[PlyCount "59"]

1.e4 c5 2.Nf3 e6 3.c3 Nf6 4.e5 Nd5 5.d4 cxd4 6.cxd4 d6 7.Bd3 Bd7 8.O-O Bc6
9.Nc3 Nd7 10.Re1 Nxc3 11.bxc3 dxe5 12.Nxe5 Nxe5 13.Rxe5 Bd6 14.Rh5 g6 15.
Rh3 O-O 16.Qd2 Qc7 17.c4 Rfe8 18.Qh6 f5 19.Qh4 Qf7 20.Bg5 Be7 21.Re1 Bxg5 
22.Qxg5 Rad8 23.Qh4 Rd7 24.Rhe3 f4 25.Re5 Rxd4 26.Qh3 f3 27.Bf1 fxg2 28.
Bxg2 Rxc4 29.Bf1 Rc2 30.Qh4 0-1

[Event "Open B - Condom 2009"]
[Site "Condom"]
[Date "????.??.??"]
[Round "5.16"]
[White "Tancogne, Arthur"]
[Black "Dubertrand, Bernard"]
[Result "0-1"]
[WhiteElo "1440"]
[BlackElo "1626"]
[PlyCount "72"]

1.e4 e5 2.Nf3 Nc6 3.Bc4 Bc5 4.d3 Nf6 5.O-O O-O 6.Bg5 d6 7.h3 a6 8.a3 b5 9.
Ba2 Nd4 10.Nxd4 Bxd4 11.c3 Bb6 12.Bd5 Rb8 13.d4 h6 14.Bh4 g5 15.Bg3 exd4 
16.cxd4 Nxd5 17.exd5 Qf6 18.b4 Bb7 19.Nc3 Rfe8 20.Rc1 Rbc8 21.Qh5 Bxd4 22.
Ne2 Bb2 23.Rcd1 Bxa3 24.Rb1 Bxd5 25.h4 c5 26.bxc5 Bxc5 27.Qg4 Re4 28.Qxc8+
Kg7 29.Nc1 gxh4 30.Bh2 Qg6 31.Qh3 Rg4 32.Kh1 Bxg2+ 33.Qxg2 Rxg2 34.Ne2 Qe4
35.Rg1 Rg5+ 36.Rg2 Qxg2# 0-1

[Event "OPEN A"]
[Site "Condom"]
[Date "????.??.??"]
[Round "6.5"]
[White "Bujisho, Benjamin"]
[Black "Fantinel, Thibault"]
[Result "1-0"]
[WhiteElo "2404"]
[BlackElo "2089"]
[PlyCount "79"]

1.e4 c5 2.Nc3 Nc6 3.g3 g6 4.Bg2 Bg7 5.d3 d6 6.Be3 e5 7.f4 Nge7 8.Nf3 O-O 
9.O-O Nd4 10.Qd2 exf4 11.Bxf4 Nxf3+ 12.Rxf3 Qb6 13.Rb1 Be6 14.Bh6 Rae8 15.
Bxg7 Kxg7 16.a3 f6 17.Rf2 Qd8 18.Rbf1 Nc6 19.h3 a6 20.Kh2 b5 21.Ne2 Bg8 
22.Nf4 a5 23.c3 Ne5 24.d4 Nc4 25.Qc1 cxd4 26.cxd4 a4 27.h4 Qb6 28.Qc3 Rc8 
29.Bh3 Rc7 30.h5 g5 31.Ne6+ Bxe6 32.Bxe6 h6 33.Qd3 Qb8 34.e5 Qe8 35.exf6+ 
Kh8 36.Qg6 Ne3 37.f7 Nxf1+ 38.Rxf1 Rcxf7 39.Qxh6+ Kg8 40.Qxg5+ 1-0

[Event "Open B - Condom 2009"]
[Site "Condom"]
[Date "????.??.??"]
[Round "1.3"]
[White "Landes, Rene"]
[Black "Richard, Michel"]
[Result "1-0"]
[WhiteElo "1685"]
[BlackElo "1480"]
[PlyCount "61"]

1.e4 d6 2.f4 Nc6 3.Nf3 a6 4.d4 Bg4 5.c3 e6 6.Be2 Bxf3 7.Bxf3 Qh4+ 8.g3 Qd8
9.a4 e5 10.d5 Nce7 11.a5 exf4 12.Bxf4 Ng6 13.Qa4+ Qd7 14.Be3 Ne5 15.Be2 
Nf6 16.Nd2 c6 17.dxc6 Qxc6 18.O-O d5 19.exd5 Qxa4 20.Rxa4 Nxd5 21.Re4 f6 
22.Bd4 Kd7 23.Bxe5 Bc5+ 24.Bd4 Bxd4+ 25.Rxd4 Kc6 26.Bf3 Rad8 27.c4 Kc5 28.
Rxd5+ Rxd5 29.Bxd5 Rd8 30.Ne4+ Kb4 31.Ra1 1-0

[Event "Open B - Condom 2009"]
[Site "Condom"]
[Date "????.??.??"]
[Round "2.4"]
[White "Maupin, Gervais"]
[Black "Bertrand, Marin"]
[Result "1-0"]
[WhiteElo "1630"]
[BlackElo "1440"]
[PlyCount "49"]

1.d4 d5 2.c4 dxc4 3.Nc3 Nc6 4.e3 Nf6 5.Bxc4 Bf5 6.Qb3 e6 7.Qxb7 Nb4 8.Bb5+
Nd7 9.Ba4 Bc2 10.Bxd7+ Kxd7 11.Nf3 Bd3 12.Ne5+ Ke8 13.Kd2 Ba6 14.Qf3 f6 
15.Qh5+ g6 16.Nxg6 Kd7 17.Nxh8 e5 18.Qf5+ Kc6 19.Qe6+ Bd6 20.d5+ Kb7 21.
Nf7 Qf8 22.Nxd6+ cxd6 23.a3 Nd3 24.Qd7+ Kb8 25.Nb5 1-0

[Event "Open B - Condom 2009"]
[Site "Condom"]
[Date "????.??.??"]
[Round "2.2"]
[White "Espinosa, Miguel"]
[Black "Labat, Axel"]
[Result "1-0"]
[WhiteElo "1699"]
[BlackElo "1530"]
[PlyCount "34"]

1.d4 d5 2.c4 c6 3.Nc3 Nf6 4.e3 Bf5 5.Nf3 e6 6.cxd5 exd5 7.Bd3 Bxd3 8.Qxd3 
Bb4 9.Bd2 O-O 10.O-O Qd6 11.a3 Ba5 12.Rac1 Nbd7 13.Ne1 Bxc3 14.Qxc3 Nb6 
15.h3 Ne4 16.Qc2 Nc4 17.Nf3 Qd7 1-0

[Event "OPEN A"]
[Site "Condom"]
[Date "????.??.??"]
[Round "3.40"]
[White "Rundstrom, Douglas"]
[Black "Aspinall, John"]
[Result "1-0"]
[WhiteElo "1891"]
[BlackElo "1800"]
[PlyCount "47"]

1.d4 d6 2.c4 e5 3.e3 c6 4.Nc3 Be7 5.Nf3 Bg4 6.dxe5 Bxf3 7.Qxf3 dxe5 8.Qg3 
Bf6 9.Be2 Nd7 10.O-O Ne7 11.Bg4 Qc7 12.Rd1 Nc5 13.b4 Ne6 14.Ne4 Rd8 15.Bb2
Kf8 16.Bxe6 Rxd1+ 17.Rxd1 fxe6 18.Nc5 Qc8 19.Nd7+ Kf7 20.Nxe5+ Ke8 21.e4 
Rf8 22.c5 Ng8 23.Nc4 Ke7 24.e5 1-0

[Event "CONDOM 2012 OpenA "]
[Site "Condom"]
[Date "????.??.??"]
[Round "3.6"]
[White "Petre, Nad-Titus"]
[Black "Dupouy, Francois"]
[Result "1-0"]
[WhiteElo "2362"]
[BlackElo "1945"]
[PlyCount "77"]

1.e4 e6 2.d3 d5 3.Nd2 Nc6 4.Ngf3 Nf6 5.c3 Be7 6.Be2 O-O 7.Qc2 b6 8.b4 Ba6 
9.a4 dxe4 10.dxe4 Bxe2 11.Kxe2 Ng4 12.Nc4 Bxb4 13.cxb4 Nd4+ 14.Nxd4 Qxd4 
15.Be3 Nxe3 16.fxe3 Qf6 17.h3 Qg5 18.g4 f5 19.Rag1 fxg4 20.Rxg4 Qf6 21.Rf4
Qg5 22.Rhf1 Qg2+ 23.R1f2 Qxh3 24.Rxf8+ Rxf8 25.Rxf8+ Kxf8 26.Qd3 Ke7 27.
Qd4 Qg2+ 28.Kd3 Qf1+ 29.Kc2 Qf2+ 30.Kb3 Qg1 31.Ne5 Qb1+ 32.Kc4 Qxb4+ 33.
Kxb4 c5+ 34.Kb5 cxd4 35.exd4 Kd6 36.Ka6 h5 37.Kxa7 Kc7 38.Ng6 Kc6 39.Ka6 
1-0

[Event "OPEN A"]
[Site "Condom"]
[Date "????.??.??"]
[Round "4.48"]
[White "Aspinall, John"]
[Black "Bouyssieres, Max"]
[Result "0-1"]
[WhiteElo "1800"]
[BlackElo "1659"]
[PlyCount "58"]

1.b4 e5 2.Bb2 Bxb4 3.f4 d6 4.fxe5 dxe5 5.Bxe5 Bd6 6.Bxd6 Qxd6 7.Nf3 Nf6 8.
e3 Nc6 9.Nc3 a6 10.Rb1 Rb8 11.Be2 h6 12.O-O O-O 13.Qe1 Be6 14.Ra1 Nb4 15.
Qc1 c5 16.a3 Nc6 17.d3 Ne5 18.e4 $2 Nxf3+ 19.Rxf3 Qd4+ 20.Qe3 Qxc3 21.Raf1
Qd4 22.Qxd4 cxd4 23.Rg3 Kh8 24.Rb1 Rfc8 25.Bd1 Rc3 26.a4 Ra3 27.h3 $2 Nxe4
28.Kh2 Nxg3 29.Kxg3 Rxa4 0-1

[Event "OPEN A"]
[Site "Condom"]
[Date "????.??.??"]
[Round "2.10"]
[White "Benmesbah, Natacha"]
[Black "Salcedo, Marc"]
[Result "1-0"]
[WhiteElo "2151"]
[BlackElo "1967"]
[PlyCount "65"]

1.e4 d5 2.exd5 Nf6 3.Bb5+ Nbd7 4.c4 a6 5.Bxd7+ Qxd7 6.Nf3 b5 7.d3 bxc4 8.
dxc4 Qg4 9.O-O Qxc4 10.Nc3 Bg4 11.Be3 O-O-O 12.Rc1 e6 13.b3 Qb4 14.Qe2 Qb7
15.h3 Bh5 16.Bf4 Bd6 17.Qe3 Bxf3 18.Qxf3 Bxf4 19.Qxf4 exd5 20.Na4 c6 21.
Nc5 Qb6 22.Rc2 Nd7 23.Rfc1 Nxc5 24.Rxc5 Kb7 25.Qxf7+ Qc7 26.Qxc7+ Kxc7 27.
Rxc6+ Kb7 28.Rc7+ Kb6 29.R1c6+ Kb5 30.a3 d4 31.Rc5+ Kb6 32.a4 d3 33.a5# 
1-0

[Event "CONDOM 2012 OpenA "]
[Site "Condom"]
[Date "????.??.??"]
[Round "4.4"]
[White "Manea, Alexandru"]
[Black "Carmaciu, Lucian-Catalin"]
[Result "1/2-1/2"]
[WhiteElo "2369"]
[BlackElo "2386"]
[PlyCount "28"]

1.e4 c6 2.d4 d5 3.e5 Bf5 4.h4 h5 5.c4 e6 6.Nc3 Nd7 7.Bg5 Qa5 8.Qd2 Ne7 9.
Nge2 dxc4 10.Ng3 Nb6 11.Be2 Bg6 12.O-O Ned5 13.Rae1 Nxc3 14.bxc3 Ba3 
1/2-1/2

[Event "OPEN A"]
[Site "Condom"]
[Date "????.??.??"]
[Round "7.49"]
[White "Jarlaud, Lucas"]
[Black "Castin, Alexandre"]
[Result "1-0"]
[WhiteElo "1730"]
[BlackElo "1836"]
[PlyCount "35"]

1.g3 g6 2.Bg2 Bg7 3.c4 c5 4.e3 Nc6 5.Nc3 e6 6.Nge2 Nge7 7.O-O d5 8.cxd5 
exd5 9.d4 cxd4 10.Nxd4 Nxd4 11.exd4 O-O 12.Bg5 Be6 13.Re1 Re8 14.Qb3 Bxd4 
15.Bxd5 Bxd5 16.Nxd5 Qxd5 17.Rxe7 Qxg5 18.Qxf7+ 1-0

[Event "OPEN A"]
[Site "Condom"]
[Date "????.??.??"]
[Round "1.4"]
[White "David, Vincent"]
[Black "Hirschmann, Georges"]
[Result "1-0"]
[WhiteElo "2399"]
[BlackElo "1917"]
[PlyCount "59"]

1.d4 Nf6 2.c4 e6 3.Nf3 b6 4.g3 Ba6 5.Nbd2 Bb4 6.Qc2 Bb7 7.Bg2 Be4 8.Qb3 
Bxd2+ 9.Bxd2 O-O 10.O-O d6 11.Rfd1 Nbd7 12.Rac1 a5 13.Qe3 Re8 14.Bc3 Qe7 
15.b3 Bb7 16.Bb2 h6 17.a3 Rad8 18.Qc3 c5 19.dxc5 Nxc5 20.Bh3 Nce4 21.Qe3 
d5 22.Qxb6 dxc4 23.bxc4 Rxd1+ 24.Rxd1 Ng5 25.Bg2 Nxf3+ 26.exf3 a4 27.Qb4 
Qxb4 28.axb4 Rc8 29.Rc1 Nd7 30.f4 1-0

[Event "Open B - Condom 2009"]
[Site "Condom"]
[Date "????.??.??"]
[Round "3.1"]
[White "Calatrava, Julian"]
[Black "Locatelli, Claude"]
[Result "1-0"]
[WhiteElo "1790"]
[BlackElo "1604"]
[PlyCount "43"]

1.e4 e6 2.d4 d5 3.e5 c5 4.c3 Nc6 5.a3 Bd7 6.Nf3 a6 7.Bd3 cxd4 8.cxd4 Nge7 
9.b4 Na7 10.Nc3 Ng6 11.O-O Be7 12.Be3 O-O 13.g3 f5 14.exf6 Bxf6 15.Ne5 
Nxe5 16.dxe5 Bxe5 17.Qh5 g6 18.Qxe5 Nc6 19.Qd6 Rc8 20.Na4 Qe7 21.Qxe7 Nxe7
22.Nc5 1-0

[Event "Open B - Condom 2009"]
[Site "Condom"]
[Date "????.??.??"]
[Round "2.8"]
[White "Ferdjaoui, Ophelie"]
[Black "Harmel, Olivier"]
[Result "0-1"]
[WhiteElo "1099"]
[BlackElo "1550"]
[PlyCount "74"]

1.d4 Nf6 2.Nf3 d5 3.c4 e6 4.Bf4 c5 5.Nc3 Nc6 6.e3 Be7 7.Bd3 O-O 8.O-O dxc4
9.Bxc4 Nd5 10.Qd3 Nxf4 11.exf4 cxd4 12.Ne4 Qb6 13.Rad1 Rd8 14.h4 Qa5 15.
Rfe1 a6 16.a3 Qf5 17.Nh2 Qxf4 18.Qf3 Qxh4 19.Qg3 Qxg3 20.fxg3 b5 21.Nf3 
bxc4 22.Nfg5 Bb7 23.Rf1 Ne5 24.Kf2 h6 25.Nf3 Bxe4 26.Nxe5 Bf6 27.Rd2 Bxe5 
28.Re2 f5 29.g4 Bd6 30.b4 a5 31.Rc2 Bxc2 32.Rc1 d3 33.b5 Bxa3 34.Re1 d2 
35.Rxe6 d1=Q 36.Re1 Bc5+ 37.Kf1 Bd3# 0-1

[Event "OPEN A"]
[Site "Condom"]
[Date "????.??.??"]
[Round "1.8"]
[White "Houard, Yannick"]
[Black "Catala, Laurent"]
[Result "1-0"]
[WhiteElo "2200"]
[BlackElo "1885"]
[PlyCount "65"]

1.e4 e5 2.Nf3 Nc6 3.Bb5 a6 4.Ba4 b5 5.Bb3 d6 6.c3 Be7 7.O-O Nf6 8.Re1 Bg4 
9.d3 O-O 10.h3 Bd7 11.Nbd2 h6 12.Nf1 Nh7 13.d4 exd4 14.cxd4 Kh8 15.Ng3 Ng5
16.Nxg5 Bxg5 17.Bd5 Rb8 18.Bxg5 Qxg5 19.Bxc6 Bxc6 20.Rc1 Rb6 21.d5 Bd7 22.
Rxc7 Qd8 23.Qc2 Rb8 24.Rc1 Rc8 25.b4 f5 26.Rxc8 Qxc8 27.Qxc8 Rxc8 28.Rxc8+
Bxc8 29.Nxf5 Bxf5 30.exf5 Kg8 31.f4 Kf7 32.Kf2 h5 33.g4 1-0

[Event "OPEN A"]
[Site "Condom"]
[Date "????.??.??"]
[Round "1.27"]
[White "Urriza Iricibar, Pablo"]
[Black "Ouerk, Yanis"]
[Result "0-1"]
[WhiteElo "1783"]
[BlackElo "2050"]
[PlyCount "62"]

1.e4 c5 2.Nf3 Nc6 3.d4 cxd4 4.Nxd4 Nf6 5.Nc3 d6 6.f3 Nxd4 7.Qxd4 g6 8.Be3 
Bg7 9.Qd2 O-O 10.O-O-O Be6 11.g4 Qa5 12.Kb1 Rfc8 13.h4 Rxc3 14.Qxc3 Qxa2+ 
15.Kc1 Qa1+ 16.Kd2 Nxe4+ 17.fxe4 Bxc3+ 18.bxc3 Qa4 19.Bd3 Bxg4 20.Ra1 Qc6 
21.Rhb1 d5 22.Rb4 dxe4 23.Rxe4 Bf5 24.Rd4 e5 25.Rc4 Qg2+ 26.Kc1 Bxd3 27.
cxd3 Qf1+ 28.Kb2 Qe2+ 29.Kb3 Qxe3 30.Rd1 a5 31.d4 a4+ 0-1

[Event "OPEN A"]
[Site "Condom"]
[Date "????.??.??"]
[Round "6.12"]
[White "Laurain, Dominique"]
[Black "Mindeguia Guruceaga, Juan Jesus"]
[Result "1/2-1/2"]
[WhiteElo "2013"]
[BlackElo "2180"]
[PlyCount "68"]

1.d4 d5 2.c4 e6 3.Nf3 c5 4.cxd5 exd5 5.Nc3 Nc6 6.g3 Nf6 7.Bg2 cxd4 8.Nxd4 
Bc5 9.Nxc6 bxc6 10.O-O O-O 11.Bg5 h6 12.Bf4 Bg4 13.Qc2 Re8 14.e4 Rc8 15.h3
Bh5 16.Rfe1 d4 17.Na4 Bb4 18.Nc5 Bxe1 19.Rxe1 Qa5 20.Bd2 d3 21.Nxd3 Qxa2 
22.Nc5 Rb8 23.Bc1 Rb5 24.Re3 Qa5 25.Nd3 Qb6 26.Nf4 Rc5 27.Qd2 Rd8 28.Rd3 
Rxd3 29.Nxd3 Rc4 30.Qe1 Qd4 31.Qf1 Nxe4 32.Be3 Qd8 33.Ne5 Rc5 34.Bxc5 Nxc5
1/2-1/2

[Event "CONDOM 2012 OpenA "]
[Site "Condom"]
[Date "????.??.??"]
[Round "4.6"]
[White "Bujisho, Benjamin"]
[Black "Manole, Stefan"]
[Result "1/2-1/2"]
[WhiteElo "2391"]
[BlackElo "2059"]
[PlyCount "77"]

1.d4 d5 2.c4 c6 3.Nf3 Nf6 4.e3 e6 5.Bd3 Nbd7 6.Nbd2 Bd6 7.O-O O-O 8.e4 
dxe4 9.Nxe4 Nxe4 10.Bxe4 e5 11.dxe5 Nxe5 12.Nxe5 Bxe5 13.Bxh7+ Kxh7 14.
Qh5+ Kg8 15.Qxe5 Re8 16.Qc3 Bf5 17.Be3 Qc7 18.Rad1 b6 19.Bd4 f6 20.Qf3 Be4
21.Qg4 Qc8 22.Qxc8 Raxc8 23.f3 Bg6 24.Kf2 Rcd8 25.b3 Re7 26.Be3 Red7 27.
Rxd7 Rxd7 28.g4 Rd3 29.Rc1 Kf7 30.h4 Ke6 31.h5 Bh7 32.Ke2 Ke5 33.Bd2 c5 
34.Rg1 a5 35.g5 fxg5 36.Rxg5+ Kf6 37.f4 Rh3 38.Rd5 Bb1 39.Rd6+ 1/2-1/2